[Event "7. Griesheimer Schachtage 2011"]
[Site "?"]
[Date "2011.??.??"]
[Round "1.1"]
[White "Grabarczyk, Bogdan"]
[Black "Haas, Vanessa"]
[Result "1-0"]
[WhiteElo "2434"]
[BlackElo "1855"]
[PlyCount "35"]

{16384kB. PentiumII
} 1. e4 e6 2. d4 d5 3. Nc3 Bb4 4. e5 c5 5. Qg4 Bxc3+ 6.
bxc3 Kf8 7. Nf3 Qc7 8. Bd2 Bd7 9. dxc5 Qxc5 10. Rb1 Qc7 11. Qb4+ Ne7 12. Qxb7
Qxb7 13. Rxb7 Ba4 14. Bd3 Nbc6 15. O-O Rc8 16. Be3 a5 17. Bc5 Ke8 18. Rfb1 1-0

[Event "7. Griesheimer Schachtage 2011"]
[Site "?"]
[Date "2011.??.??"]
[Round "1.2"]
[White "Armbrust, Matthias"]
[Black "Walter, Stefan"]
[Result "0-1"]
[WhiteElo "1850"]
[BlackElo "2327"]
[PlyCount "80"]

1. e4 e5 2. Nf3 Nc6 3. Bb5 a6 4. Bxc6 dxc6 5. O-O f6 6. d4 Bg4 7. dxe5 Qxd1 8.
Rxd1 fxe5 9. Be3 Nf6 10. h3 Bh5 11. Nbd2 Bd6 12. Re1 Bf7 13. Nh4 g6 14. Bg5 Nd7
15. Nb3 a5 16. Bh6 a4 17. Nd2 Kd8 18. Nf1 Ra5 19. Nf3 Re8 20. Ne3 Kc8 21. Ng5
Bg8 22. b3 Bb4 23. Re2 axb3 24. cxb3 b5 25. Rc1 Kb7 26. Rec2 Ba3 27. Rd1 Bd6
28. Rdc1 c5 29. Nd5 Rea8 30. Nc3 Nb6 31. Nf3 b4 32. Ne2 Rxa2 33. Be3 Bxb3 34.
Rxa2 Rxa2 35. Ng3 Rc2 36. Rb1 Ba2 37. Rd1 Rb2 38. Nd2 c4 39. Kh2 c3 40. Nf3 Nc4
0-1

[Event "7. Griesheimer Schachtage 2011"]
[Site "?"]
[Date "2011.??.??"]
[Round "1.3"]
[White "Schild, Christoph"]
[Black "Auschkalnis, Reinhard"]
[Result "1-0"]
[WhiteElo "2292"]
[BlackElo "1840"]
[PlyCount "59"]

1. c4 c5 2. g3 g6 3. Bg2 Bg7 4. Nf3 Nc6 5. O-O e6 6. Nc3 Rb8 7. d4 cxd4 8. Nb5
d6 9. Nfxd4 Nge7 10. Nxc6 bxc6 11. Nxd6+ Kf8 12. Bg5 f6 13. Be3 Rxb2 14. Bc5
Kg8 15. Nf5 Rd2 16. Nxe7+ Kf7 17. Qa4 Bf8 18. Nxc6 Qc7 19. Bxf8 Rxf8 20. Qxa7
Qxa7 21. Nxa7 Ba6 22. Rfd1 Rxe2 23. c5 Rc2 24. Rac1 Rxa2 25. Rd7+ Kg8 26. Nc6
Bb5 27. Re7 Bxc6 28. Bxc6 e5 29. Bd5+ Kh8 30. Bxa2 1-0

[Event "7. Griesheimer Schachtage 2011"]
[Site "?"]
[Date "2011.??.??"]
[Round "1.4"]
[White "Enders, Philipp"]
[Black "Keim, Frank"]
[Result "1/2-1/2"]
[WhiteElo "1794"]
[BlackElo "2214"]
[PlyCount "89"]

1. d4 Nf6 2. c4 e6 3. Nf3 Bb4+ 4. Bd2 Qe7 5. a3 Bxd2+ 6. Qxd2 d6 7. Nc3 Nbd7 8.
g3 O-O 9. Bg2 e5 10. O-O exd4 11. Nxd4 Nc5 12. Rfe1 Re8 13. Rac1 Nce4 14. Qe3
Bd7 15. f3 Nxc3 16. Qxc3 d5 17. cxd5 Nxd5 18. Qb3 Ne3 19. Nc2 Nxg2 20. Kxg2 b6
21. e4 Be6 22. Qc3 c5 23. Ne3 Rad8 24. Rcd1 f6 25. Kf2 Qf7 26. Re2 Qh5 27. h4
Qf7 28. Red2 Qe7 29. Nd5 Bxd5 30. Rxd5 Rxd5 31. Rxd5 Qe6 32. g4 Kf7 33. Qd3 Re7
34. Ke3 Rc7 35. Rd6 c4 36. Qd4 Qe5 37. Rd7+ Rxd7 38. Qxd7+ Kf8 39. Qd8+ Kf7 40.
Qd7+ Kf8 41. Qc8+ Ke7 42. Qb7+ Kd6 43. Qb8+ Kc5 44. Qf8+ Kc6 45. Qc8+ 1/2-1/2

[Event "7. Griesheimer Schachtage 2011"]
[Site "?"]
[Date "2011.??.??"]
[Round "1.5"]
[White "Prenzler, Daniel"]
[Black "Bauer, Bjoern-Benny"]
[Result "1-0"]
[WhiteElo "2197"]
[BlackElo "1779"]
[PlyCount "53"]

1. e4 c5 2. Nf3 Nc6 3. d3 g6 4. g3 Bg7 5. Bg2 d6 6. O-O e6 7. c3 Nge7 8. Re1
O-O 9. Nbd2 b6 10. Nf1 Bb7 11. h4 h5 12. N1h2 d5 13. e5 d4 14. c4 Qc7 15. Bf4
a6 16. Qd2 Nf5 17. g4 hxg4 18. Nxg4 Na7 19. Bg5 b5 20. b3 Bc6 21. Nf6+ Kh8 22.
Qf4 Nc8 23. h5 Bxf6 24. Bxf6+ Kg8 25. Qh2 Ng7 26. hxg6 fxg6 27. Ng5 1-0

[Event "7. Griesheimer Schachtage 2011"]
[Site "?"]
[Date "2011.??.??"]
[Round "1.6"]
[White "Thumm, Felix"]
[Black "Bub, Volker"]
[Result "0-1"]
[WhiteElo "1773"]
[BlackElo "2179"]
[PlyCount "98"]

1. e4 d6 2. d4 g6 3. Nf3 Bg7 4. Nc3 e6 5. Bd3 Ne7 6. O-O a6 7. Re1 Nd7 8. Be3
h6 9. Qd2 b6 10. Rad1 Bb7 11. Ne2 c5 12. c3 c4 13. Bc2 Qc7 14. Ng3 O-O-O 15. b3
cxb3 16. axb3 Kb8 17. Ra1 Rc8 18. Ne2 g5 19. h3 f5 20. exf5 exf5 21. Qd3 b5 22.
Bd2 Be4 23. Qe3 Nd5 24. Qxe4 fxe4 25. Bxe4 N5f6 26. Bf5 Qb7 27. Ra2 Rc6 28. Be6
d5 29. Bf5 Re8 30. Be3 Ne4 31. Rea1 Nf8 32. Ne1 Nd6 33. Bg4 Ne6 34. Nd3 Nc7 35.
Bd7 Rxe3 36. Bxc6 Qxc6 37. fxe3 Qe8 38. Nc5 Qxe3+ 39. Kh1 Ne4 40. Nxe4 dxe4 41.
Rf1 Qd3 42. Rb2 Nd5 43. Rc1 Nf4 44. Nxf4 gxf4 45. Rf2 Qg3 46. Rff1 b4 47. cxb4
Bxd4 48. Rc2 f3 49. gxf3 Qxh3+ 0-1

[Event "7. Griesheimer Schachtage 2011"]
[Site "?"]
[Date "2011.??.??"]
[Round "1.7"]
[White "Vogel, Christian"]
[Black "Kirschner, Matthias"]
[Result "1-0"]
[WhiteElo "2173"]
[BlackElo "1703"]
[PlyCount "51"]

1. e4 d6 2. d4 Nf6 3. Nc3 e5 4. Nf3 Nbd7 5. Bc4 Be7 6. O-O O-O 7. Re1 a6 8. a4
b6 9. b3 Bb7 10. Bb2 Qb8 11. Nd5 Nxd5 12. exd5 f6 13. Qd3 Kh8 14. Nh4 Qe8 15.
f4 Qh5 16. Nf5 Rfe8 17. Re3 Bf8 18. fxe5 fxe5 19. Rf1 e4 20. Rxe4 Rxe4 21. Qxe4
Re8 22. Qf4 Nf6 23. Ng3 Qg4 24. Qf2 Bc8 25. Be2 Qg6 26. Bh5 1-0

[Event "7. Griesheimer Schachtage 2011"]
[Site "?"]
[Date "2011.??.??"]
[Round "1.8"]
[White "Nagel, Erwin"]
[Black "Bahlke, Wolfgang"]
[Result "0-1"]
[WhiteElo "1687"]
[BlackElo "2131"]
[PlyCount "62"]

1. e4 c6 2. d4 d5 3. e5 Bf5 4. Nf3 e6 5. Be3 Nd7 6. Nbd2 Bg6 7. Be2 Nh6 8. c3
Nf5 9. Bf4 Qb6 10. Nb3 Be7 11. O-O O-O 12. Qd2 Rac8 13. g4 Nh4 14. Nxh4 Bxh4
15. g5 f6 16. Bg4 Rce8 17. exf6 gxf6 18. Bd6 Bxg5 19. f4 Bh6 20. Bxf8 Nxf8 21.
Qf2 Be4 22. Bf3 Bd3 23. Rfd1 Bf5 24. Qg3+ Ng6 25. Kh1 Bxf4 26. Qf2 Bg5 27. Rg1
Kh8 28. h3 Nh4 29. Bg2 Rg8 30. Qe2 Nxg2 31. Kxg2 Be3+ 0-1

[Event "7. Griesheimer Schachtage 2011"]
[Site "?"]
[Date "2011.??.??"]
[Round "1.9"]
[White "Busch, Lorenz"]
[Black "Reuter, Klaus"]
[Result "1-0"]
[WhiteElo "2109"]
[BlackElo "1682"]
[PlyCount "53"]

1. e4 e6 2. d4 d5 3. Nc3 c5 4. exd5 exd5 5. dxc5 Be6 6. Be3 Nc6 7. Nf3 Nf6 8.
a3 a6 9. b4 Ng4 10. Bg5 Be7 11. Bxe7 Nxe7 12. Bd3 O-O 13. Ng5 Ng6 14. Nxe6 Qf6
15. O-O fxe6 16. Qxg4 Ne5 17. Qh3 h6 18. Be2 Rae8 19. Rae1 Re7 20. Qg3 Ng6 21.
Bg4 Nf4 22. Ne2 g5 23. Nxf4 gxf4 24. Bxe6+ Kh7 25. Qd3+ Kh8 26. Bxd5 Qg5 27.
Rxe7 1-0

[Event "7. Griesheimer Schachtage 2011"]
[Site "?"]
[Date "2011.??.??"]
[Round "1.10"]
[White "Renger, Juergen"]
[Black "Boetticher, Tim"]
[Result "0-1"]
[WhiteElo "1678"]
[BlackElo "2056"]
[PlyCount "80"]

1. d4 d5 2. c4 dxc4 3. Nf3 Nf6 4. e3 e6 5. Bxc4 c5 6. O-O a6 7. a4 Nc6 8. dxc5
Qxd1 9. Rxd1 Bxc5 10. b3 Ne4 11. Bb2 O-O 12. Nbd2 Nf6 13. Ne5 Nb4 14. Ndf3 b6
15. Rd2 Ne4 16. Rdd1 Ra7 17. Bd4 f6 18. Bxc5 Nxc5 19. Nd3 Nbxd3 20. Bxd3 Rd7
21. Bc4 Kf7 22. Nd4 Rc7 23. f3 Bd7 24. Kf2 Ke7 25. Rac1 Rfc8 26. Ke2 Nxa4 27.
Bxa6 Rxc1 28. Bxc8 Nc3+ 29. Kd2 Rxd1+ 30. Kxc3 Bxc8 31. Kc2 Rh1 32. h3 Rh2 33.
Kd3 Bd7 34. b4 Rxg2 35. e4 Rh2 36. h4 Rxh4 37. Ke3 h5 38. b5 Rh1 39. Kf2 Rb1
40. Kg3 Bxb5 0-1

[Event "7. Griesheimer Schachtage 2011"]
[Site "?"]
[Date "2011.??.??"]
[Round "1.11"]
[White "Tierling, Detlef"]
[Black "Stegner, Marco"]
[Result "1-0"]
[WhiteElo "2036"]
[BlackElo "1654"]
[PlyCount "89"]

1. g3 g6 2. Bg2 d6 3. c3 e5 4. Qc2 Bg7 5. d3 f5 6. Nd2 Nf6 7. Nf1 d5 8. Bg5 c6
9. e4 h6 10. Bxf6 Bxf6 11. Ne2 g5 12. h3 Na6 13. exf5 Bxf5 14. Ne3 Be6 15. f4
Qd7 16. fxe5 Bxe5 17. d4 Bd6 18. O-O-O O-O-O 19. Rdf1 Rdf8 20. g4 Rxf1+ 21.
Rxf1 h5 22. gxh5 Bxh3 23. Rh1 Bxg2 24. Nxg2 Qg4 25. Ne3 Qf3 26. Qf5+ Qxf5 27.
Nxf5 Kd7 28. Nxd6 Kxd6 29. Ng3 Nc7 30. Rf1 Ne6 31. Rf5 Rf8 32. h6 Rh8 33. Rf7
Nf4 34. Rxb7 Ke6 35. Rc7 Kd6 36. Rxa7 Ng6 37. Rg7 Ne7 38. Rxg5 Rxh6 39. Nf5+
Nxf5 40. Rxf5 Rh2 41. a4 c5 42. dxc5+ Kxc5 43. Kb1 Rh4 44. a5 Ra4 45. Kc2 1-0

[Event "7. Griesheimer Schachtage 2011"]
[Site "?"]
[Date "2011.??.??"]
[Round "1.12"]
[White "Rosinus, Karl"]
[Black "Hoeck, Raimund"]
[Result "1/2-1/2"]
[WhiteElo "1619"]
[BlackElo "2024"]
[PlyCount "89"]

1. d4 d5 2. g3 Nf6 3. Bg2 g6 4. c3 Bg7 5. Nf3 O-O 6. O-O Nbd7 7. Nbd2 c6 8. Re1
Re8 9. e4 dxe4 10. Nxe4 Nxe4 11. Rxe4 Nf6 12. Re1 Nd5 13. Ne5 Be6 14. Nd3 Bf5
15. Nf4 Nxf4 16. Bxf4 Qb6 17. Qb3 Qxb3 18. axb3 Be6 19. b4 a6 20. h4 Rad8 21.
Kh2 Bd5 22. Bc7 Rd7 23. Bf4 Bxg2 24. Kxg2 e6 25. Re4 Rd5 26. Rae1 a5 27. bxa5
Rxa5 28. Rb1 Ra2 29. Bd6 Bf8 30. Bxf8 Rxf8 31. Kf3 Rfa8 32. Re5 R2a5 33. Rxa5
Rxa5 34. Re1 Kg7 35. Re5 Ra2 36. Re2 Kf6 37. g4 h6 38. Kg3 g5 39. h5 Ra5 40. f4
gxf4+ 41. Kxf4 Ra2 42. Rf2 Ra5 43. Kg3+ Ke7 44. Re2 f6 45. Kf4 1/2-1/2

[Event "7. Griesheimer Schachtage 2011"]
[Site "?"]
[Date "2011.??.??"]
[Round "1.13"]
[White "Dankesreiter, Arne"]
[Black "Bejan, Viorel"]
[Result "1-0"]
[WhiteElo "1996"]
[BlackElo "1541"]
[PlyCount "75"]

1. c4 e6 2. g3 f5 3. Bg2 Nf6 4. Nc3 c6 5. Nh3 Be7 6. O-O d5 7. cxd5 cxd5 8. d4
O-O 9. Bf4 a6 10. Rc1 Nc6 11. Na4 h6 12. f3 g5 13. Be3 Bd7 14. Nc5 b6 15. Nxe6
Bxe6 16. Rxc6 Bd7 17. Rc1 a5 18. Nf2 Re8 19. Nd3 Bd6 20. Bf2 Bb5 21. a3 f4 22.
Re1 Nh5 23. gxf4 gxf4 24. e4 Qg5 25. e5 Be7 26. Qb3 Kh8 27. Kh1 Rg8 28. Rg1 Bc4
29. Rxc4 dxc4 30. Qxc4 Rac8 31. Qb3 Ng3+ 32. Bxg3 fxg3 33. f4 Qh5 34. h3 Rg4
35. Qe6 Rcg8 36. Qxe7 Rh4 37. Qf6+ Kh7 38. Be4+ 1-0

[Event "7. Griesheimer Schachtage 2011"]
[Site "?"]
[Date "2011.??.??"]
[Round "1.14"]
[White "Fuchs, Andreas"]
[Black "Hornung, Thomas"]
[Result "0-1"]
[WhiteElo "1517"]
[BlackElo "1993"]
[PlyCount "40"]

1. d4 d5 2. c4 c6 3. Nc3 dxc4 4. a4 Nf6 5. e4 e5 6. dxe5 Qxd1+ 7. Kxd1 Ng4 8.
Be3 Nxe3+ 9. fxe3 Be6 10. Nf3 Nd7 11. Nd4 Nxe5 12. Nxe6 fxe6 13. Kc2 Bc5 14.
Re1 Rf8 15. Be2 Rf2 16. Rhg1 Bxe3 17. Rgf1 Rxg2 18. Nd1 Bc5 19. Kc3 a5 20. h4
Bb4+ 0-1

[Event "7. Griesheimer Schachtage 2011"]
[Site "?"]
[Date "2011.??.??"]
[Round "1.15"]
[White "Neuner, Johannes"]
[Black "Breining, Anton"]
[Result "1-0"]
[WhiteElo "1953"]
[BlackElo "1479"]
[PlyCount "69"]

1. d4 d6 2. Nf3 e6 3. c4 g6 4. Nc3 Bg7 5. g3 Nf6 6. Bg2 O-O 7. O-O c6 8. e4
Nbd7 9. h3 Qc7 10. Be3 a6 11. Rc1 c5 12. Qe2 b6 13. e5 Ne8 14. d5 dxe5 15. dxe6
fxe6 16. Ng5 Ra7 17. Nxe6 Qb8 18. Nxf8 Nxf8 19. Rcd1 Re7 20. Bg5 Nf6 21. Rd8
Qc7 22. Rfd1 Re8 23. Bxf6 Rxd8 24. Bxd8 Qb8 25. Nd5 Bb7 26. Bxb6 Bxd5 27. Bxd5+
Kh8 28. Bxc5 h6 29. Bf7 Qc7 30. Bxf8 Bxf8 31. Bxg6 Kg7 32. Qg4 Kh8 33. Rd7 Qxc4
34. Rh7+ Kg8 35. Qxc4# 1-0

[Event "7. Griesheimer Schachtage 2011"]
[Site "?"]
[Date "2011.??.??"]
[Round "1.16"]
[White "Stegner, Naomi"]
[Black "Wolf, Christoph"]
[Result "0-1"]
[WhiteElo "1272"]
[BlackElo "1952"]
[PlyCount "68"]

1. d4 f5 2. Bf4 Nf6 3. Nc3 g6 4. Nf3 Bg7 5. e3 d6 6. Bc4 h6 7. h3 c6 8. Qd3 a5
9. a3 b5 10. Ba2 b4 11. axb4 Ba6 12. Bc4 axb4 13. Na2 Qb6 14. Bxa6 Rxa6 15. Qb3
Nd5 16. Bh2 Qa7 17. O-O g5 18. c3 bxc3 19. bxc3 Nd7 20. Rfe1 N7f6 21. Nd2 O-O
22. e4 fxe4 23. Nxe4 Nxe4 24. Rxe4 Ra8 25. Re2 Ra3 26. Qc2 Nxc3 27. Ree1 Qxd4
28. Rxe7 Rxa2 29. Qb3+ Kh8 30. Rxa2 Nxa2 31. g3 Nc3 32. Qb7 Ra1+ 33. Kg2 Qd5+
34. f3 Qd2+ 0-1

[Event "7. Griesheimer Schachtage 2011"]
[Site "?"]
[Date "2011.??.??"]
[Round "1.17"]
[White "Geringer, Waldemar"]
[Black "Meisinger, Herbert"]
[Result "1-0"]
[WhiteElo "1948"]
[BlackElo "1189"]
[PlyCount "47"]

1. d4 Nf6 2. c4 c6 3. Nc3 d5 4. g3 Bf5 5. Bg2 e6 6. Nf3 Bb4 7. Qb3 Qb6 8. O-O
Bxc3 9. Qxc3 Ne4 10. Qb3 Qxb3 11. axb3 h6 12. Bf4 O-O 13. Ne5 Nf6 14. Rfc1 Nbd7
15. Nxd7 Nxd7 16. Bd6 Rfe8 17. c5 e5 18. dxe5 Nxe5 19. Ra4 Ng6 20. Kf1 Red8 21.
Rca1 a6 22. Rb4 Rxd6 23. cxd6 Rb8 24. Rxa6 1-0

[Event "7. Griesheimer Schachtage 2011"]
[Site "?"]
[Date "2011.??.??"]
[Round "1.18"]
[White "Urbach, Jens"]
[Black "Beck, Michael"]
[Result "0-1"]
[WhiteElo "1127"]
[BlackElo "1924"]
[PlyCount "80"]

1. Nf3 d5 2. d4 c6 3. g3 Nf6 4. Bg2 Bf5 5. O-O e6 6. Nc3 h6 7. Re1 Bd6 8. Ne5
O-O 9. e4 dxe4 10. Nxe4 Bxe5 11. dxe5 Nxe4 12. Qxd8 Rxd8 13. Bxe4 Bxe4 14. Rxe4
Rd1+ 15. Kg2 Na6 16. b4 Rad8 17. a3 Nc7 18. Bb2 Rxa1 19. Bxa1 Rd2 20. Rc4 Nd5
21. Kf3 Kf8 22. Bd4 a6 23. a4 Ke8 24. a5 Kd7 25. h4 h5 26. Bc5 g6 27. Bd4 Kc7
28. Bc5 b5 29. axb6+ Nxb6 30. Bxb6+ Kxb6 31. Ke3 Rd8 32. f4 Kb5 33. Re4 Rd1 34.
c3 Rg1 35. Kf2 Rc1 36. Re3 Kc4 37. Ke2 Rxc3 38. Re4+ Kd5 39. Re3 Rxe3+ 40. Kxe3
Kc4 0-1

[Event "7. Griesheimer Schachtage 2011"]
[Site "?"]
[Date "2011.??.??"]
[Round "1.19"]
[White "Plattner, Rolf"]
[Black "Thumm, Niklas"]
[Result "1-0"]
[WhiteElo "1919"]
[BlackElo "1038"]
[PlyCount "73"]

1. e4 e5 2. Nf3 Nc6 3. Bb5 Nf6 4. Nc3 Bc5 5. O-O a6 6. Ba4 b5 7. Bb3 a5 8. a3
b4 9. axb4 Bxb4 10. d3 d6 11. Bg5 h6 12. Bd2 O-O 13. h3 Ba6 14. Re1 Nd4 15.
Nxd4 exd4 16. Ne2 d5 17. e5 Ne8 18. Nxd4 Qh4 19. Nf5 Qd8 20. c3 Be7 21. Bxd5
Rb8 22. c4 c6 23. Nxe7+ Qxe7 24. Bxc6 Rxb2 25. Bc3 Rb6 26. Be4 Nc7 27. Bxa5
Rbb8 28. Bxc7 Qxc7 29. Rxa6 Rb2 30. Qg4 Qc5 31. Qg3 Qb4 32. Rea1 Rb1+ 33. Rxb1
Qxb1+ 34. Kh2 Qc1 35. f4 Rb8 36. Ra8 Rxa8 37. Bxa8 1-0

[Event "7. Griesheimer Schachtage 2011"]
[Site "?"]
[Date "2011.??.??"]
[Round "1.20"]
[White "Fey, Karl-Heinz"]
[Black "Freund, Karlheinz"]
[Result "0-1"]
[WhiteElo "816"]
[BlackElo "1911"]
[PlyCount "46"]

1. c4 d6 2. Nc3 Nd7 3. g3 c6 4. Bg2 Ngf6 5. Nf3 e5 6. d3 Be7 7. e4 h6 8. O-O g5
9. d4 Qc7 10. d5 Nf8 11. a4 Ng6 12. b4 a5 13. b5 c5 14. h3 b6 15. Kh1 Bd7 16.
Be3 O-O-O 17. Nd2 Kb8 18. Bf3 Bxh3 19. Rg1 Bd7 20. Nf1 g4 21. Be2 h5 22. Bg5
Ng8 23. Qd2 23... Rf8 {ZUE} 0-1

[Event "7. Griesheimer Schachtage 2011"]
[Site "?"]
[Date "2011.??.??"]
[Round "2.1"]
[White "Dankesreiter, Arne"]
[Black "Grabarczyk, Bogdan"]
[Result "0-1"]
[WhiteElo "1996"]
[BlackElo "2434"]
[PlyCount "54"]

{16384kB. PentiumII
} 1. c4 e5 2. g3 d6 3. Bg2 f5 4. d3 Nf6 5. Nc3 Be7 6. e4
Nc6 7. Nge2 O-O 8. exf5 Bxf5 9. h3 Qe8 10. g4 Bg6 11. O-O h5 12. g5 Nd7 13. Nd5
Bd8 14. h4 Nc5 15. d4 Nxd4 16. Nxd4 exd4 17. Qxd4 Ne6 18. Qd1 c6 19. Nc3 Bb6
20. Be3 Nf4 21. Bxb6 axb6 22. Qb3 Nxg2 23. Kxg2 Rf4 24. f3 Rxh4 25. Rae1 Qf7
26. Qxb6 Qf4 27. Qg1 Bd3 0-1

[Event "7. Griesheimer Schachtage 2011"]
[Site "?"]
[Date "2011.??.??"]
[Round "2.2"]
[White "Walter, Stefan"]
[Black "Neuner, Johannes"]
[Result "1-0"]
[WhiteElo "2327"]
[BlackElo "1953"]
[PlyCount "67"]

1. d4 d5 2. c4 c6 3. e3 Bf5 4. Nc3 e6 5. Nf3 Nd7 6. Be2 Bd6 7. Qb3 Qc7 8. Nh4
Bg6 9. Bd2 Ngf6 10. Nxg6 hxg6 11. h3 g5 12. O-O-O O-O-O 13. Kb1 Kb8 14. Rhe1
Rh4 15. Bc1 Rdh8 16. a3 Nf8 17. Bf1 Ng6 18. g3 R4h5 19. Ka2 Qb6 20. e4 Nxe4 21.
Nxe4 Qxb3+ 22. Kxb3 dxe4 23. Rxe4 Be7 24. Bg2 Bf6 25. d5 Rd8 26. Ree1 cxd5 27.
cxd5 g4 28. hxg4 Rh2 29. Be4 exd5 30. Bxg6 fxg6 31. g5 Rxf2 32. gxf6 gxf6 33.
Bf4+ Kc8 34. Rc1+ 1-0

[Event "7. Griesheimer Schachtage 2011"]
[Site "?"]
[Date "2011.??.??"]
[Round "2.3"]
[White "Hornung, Thomas"]
[Black "Schild, Christoph"]
[Result "0-1"]
[WhiteElo "1993"]
[BlackElo "2292"]
[PlyCount "94"]

1. d4 Nf6 2. c4 e6 3. Nc3 Bb4 4. f3 d5 5. a3 Be7 6. e4 O-O 7. Be3 dxe4 8. fxe4
e5 9. d5 Ng4 10. Qd2 Bh4+ 11. g3 Nxe3 12. Qxe3 Bg5 13. Qd3 Nd7 14. Bg2 Nc5 15.
Qc2 Bg4 16. Nf3 Bxf3 17. Bxf3 Be3 18. Ke2 Bd4 19. h4 Qf6 20. Raf1 a5 21. Qd2
Nb3 22. Qd3 Qa6 23. Na4 Nc5 24. Nxc5 Bxc5 25. g4 a4 26. g5 Rab8 27. b4 axb3 28.
Qxb3 b5 29. Rb1 b4 30. a4 f5 31. Rbf1 f4 32. h5 Ra8 33. Ra1 Bd4 34. Ra2 Bc3 35.
Kd1 Qb6 36. Re2 Qd4+ 37. Kc2 Ra5 38. Rd1 Qa7 39. d6 Rxa4 40. c5+ Kh8 41. d7 Bd4
42. Rxd4 exd4 43. Qf7 b3+ 44. Qxb3 Qxc5+ 45. Kd1 Ra1+ 46. Kd2 Qc1+ 47. Kd3 Ra3
0-1

[Event "7. Griesheimer Schachtage 2011"]
[Site "?"]
[Date "2011.??.??"]
[Round "2.4"]
[White "Wolf, Christoph"]
[Black "Prenzler, Daniel"]
[Result "0-1"]
[WhiteElo "1952"]
[BlackElo "2197"]
[PlyCount "92"]

{16384kB. PentiumII
} 1. d4 e5 2. dxe5 Nc6 3. Nf3 Qe7 4. Nc3 Nxe5 5. Nd5 Nxf3+
6. gxf3 Qd8 7. Bf4 d6 8. e4 Be6 9. h4 Qd7 10. Qd4 c5 11. Qd2 Ne7 12. Nxe7 Bxe7
13. Qa5 O-O 14. O-O-O Rfd8 15. Bb5 Qc8 16. Rdg1 Bf6 17. Bg5 Bxg5+ 18. Rxg5 d5
19. Rhg1 g6 20. exd5 Rxd5 21. h5 Qd8 22. Qxd8+ Raxd8 23. hxg6 hxg6 24. Rxd5
Rxd5 25. Bc4 Rd6 26. Bxe6 Rxe6 27. Kd2 Kf8 28. Rg5 b6 29. a4 Ke7 30. a5 f5 31.
axb6 axb6 32. Rg1 Kf6 33. Rh1 Kg5 34. Rg1+ Kf4 35. Rg3 g5 36. Kd1 b5 37. Kd2
Re5 38. Kd1 c4 39. Kd2 b4 40. c3 b3 41. Rg1 Re6 42. Kd1 Kxf3 43. Rxg5 f4 44.
Rf5 Re4 45. Rf8 Kxf2 46. Rf7 f3 0-1

[Event "7. Griesheimer Schachtage 2011"]
[Site "?"]
[Date "2011.??.??"]
[Round "2.5"]
[White "Bub, Volker"]
[Black "Tierling, Detlef"]
[Result "1/2-1/2"]
[WhiteElo "2179"]
[BlackElo "2036"]
[PlyCount "59"]

1. Nf3 d5 2. g3 c6 3. Bg2 g6 4. O-O Bg7 5. d3 Nf6 6. Nbd2 O-O 7. e4 Bg4 8. h3
Bxf3 9. Qxf3 Nbd7 10. Qe2 dxe4 11. dxe4 e5 12. a4 Qc7 13. Nb3 Rfe8 14. Be3 Nf8
15. f3 Ne6 16. Qf2 b6 17. Rfd1 Rad8 18. Rxd8 Rxd8 19. c3 Rd7 20. Bf1 Qd8 21.
Be2 Nh5 22. Kg2 c5 23. a5 Bf6 24. axb6 axb6 25. Bc4 Nef4+ 26. Kh2 Nd3 27. Qc2
Bg5 28. Qe2 Bxe3 29. Qxe3 Nxb2 30. Bd5 1/2-1/2

[Event "7. Griesheimer Schachtage 2011"]
[Site "?"]
[Date "2011.??.??"]
[Round "2.6"]
[White "Beck, Michael"]
[Black "Vogel, Christian"]
[Result "0-1"]
[WhiteElo "1924"]
[BlackElo "2173"]
[PlyCount "48"]

1. Nf3 Nf6 2. c4 g6 3. b3 Bg7 4. Bb2 O-O 5. g3 c6 6. Bg2 d5 7. cxd5 cxd5 8. O-O
Nc6 9. d4 Ne4 10. Nc3 Qa5 11. Nxe4 dxe4 12. Nd2 f5 13. Nc4 Qd5 14. e3 b6 15. f3
Bb7 16. fxe4 fxe4 17. Ba3 Rxf1+ 18. Qxf1 Rf8 19. Qe2 Nxd4 20. Qd1 Nf3+ 21. Kh1
Qh5 22. h4 Qg4 23. Bxe7 Qxg3 24. Bxf3 exf3 0-1

[Event "7. Griesheimer Schachtage 2011"]
[Site "?"]
[Date "2011.??.??"]
[Round "2.7"]
[White "Bahlke, Wolfgang"]
[Black "Geringer, Waldemar"]
[Result "1-0"]
[WhiteElo "2131"]
[BlackElo "1948"]
[PlyCount "43"]

1. Nf3 g6 2. d4 Bg7 3. c3 Nf6 4. Bg5 O-O 5. Nbd2 d6 6. e4 Nbd7 7. Bc4 c6 8. Bb3
Re8 9. e5 dxe5 10. dxe5 Ng4 11. e6 Nde5 12. Nxe5 Nxe5 13. exf7+ Nxf7 14. Qf3
Bf6 15. O-O-O Bf5 16. g4 Bxg5 17. gxf5 Rf8 18. Rhg1 Kg7 19. Bxf7 Rxf7 20. Rxg5
Qc7 21. Qg4 Qxh2 22. fxg6 1-0

[Event "7. Griesheimer Schachtage 2011"]
[Site "?"]
[Date "2011.??.??"]
[Round "2.8"]
[White "Freund, Karlheinz"]
[Black "Busch, Lorenz"]
[Result "1/2-1/2"]
[WhiteElo "1911"]
[BlackElo "2109"]
[PlyCount "116"]

1. d4 Nf6 2. Nc3 d5 3. Bg5 e6 4. e4 Bb4 5. e5 h6 6. exf6 hxg5 7. fxg7 Rg8 8.
Qf3 Rxg7 9. O-O-O g4 10. Qe3 b6 11. h3 Qg5 12. Qxg5 Rxg5 13. h4 Rg7 14. g3 c5
15. Nb5 Kd7 16. c3 Ba5 17. Ne2 Nc6 18. Nf4 a6 19. Na3 b5 20. dxc5 b4 21. Nc4
bxc3 22. bxc3 Bc7 23. Nh5 Rg6 24. Nf4 Bxf4+ 25. gxf4 Kc7 26. Nb6 Ra7 27. Bd3
Rg8 28. h5 Ne7 29. h6 Bb7 30. h7 Rh8 31. Rh4 d4 32. cxd4 Bf3 33. Rd2 Nc6 34.
Bc4 Ne7 35. Be2 Ng6 36. Rh6 Nxf4 37. Bxf3 gxf3 38. Kc2 Kc6 39. Kc3 Nd5+ 40.
Nxd5 Kxd5 41. Rd3 f6 42. Rxf3 Raxh7 43. Rhxf6 Rh1 44. Re3 Rc1+ 45. Kd2 Rhh1 46.
Rfxe6 Kxd4 47. Rd3+ Kc4 48. Re4+ Kxc5 49. Rc3+ Rxc3 50. Kxc3 Rc1+ 51. Kb2 Rf1
52. Re2 a5 53. Rd2 Kb4 54. Rc2 Re1 55. a3+ Ka4 56. Rc4+ Kb5 57. Rf4 Rf1 58. a4+
Kc5 1/2-1/2

[Event "7. Griesheimer Schachtage 2011"]
[Site "?"]
[Date "2011.??.??"]
[Round "2.9"]
[White "Boetticher, Tim"]
[Black "Plattner, Rolf"]
[Result "1-0"]
[WhiteElo "2056"]
[BlackElo "1919"]
[PlyCount "99"]

1. e4 e6 2. d4 d5 3. Nc3 Bb4 4. e5 c5 5. a3 Bxc3+ 6. bxc3 Ne7 7. Qg4 Nbc6 8.
Nf3 Nf5 9. Bd3 h5 10. Qh3 Bd7 11. O-O Nfe7 12. Re1 Qc7 13. a4 c4 14. Bf1 O-O-O
15. Ng5 Rdf8 16. Ba3 Qd8 17. Qe3 Nf5 18. Qc1 Nce7 19. Qb2 Bc6 20. Reb1 Ng6 21.
Nf3 Re8 22. Bc5 b6 23. Ba3 f6 24. a5 b5 25. a6 fxe5 26. dxe5 Qc7 27. Re1 Qb6
28. Rad1 h4 29. Nd4 Nxd4 30. cxd4 Ne7 31. Bc5 Qb8 32. Bd6 Qb6 33. Qb4 Nf5 34.
Bc5 Qb8 35. Rb1 g5 36. Be2 Rh7 37. Bg4 Rf7 38. f3 Kd7 39. Qd2 Rg8 40. Bh5 Rfg7
41. Bg4 Rf7 42. Qb4 Nh6 43. Bxa7 Qf8 44. Bc5 Qa8 45. Ra1 Nxg4 46. fxg4 Ke8 47.
Ra5 Rgg7 48. Rxb5 Qxa6 49. Rb8+ Kd7 50. Bb6 1-0

[Event "7. Griesheimer Schachtage 2011"]
[Site "?"]
[Date "2011.??.??"]
[Round "2.10"]
[White "Keim, Frank"]
[Black "Mager, Thomas"]
[Result "1-0"]
[WhiteElo "2214"]
[BlackElo "1860"]
[PlyCount "49"]

1. e4 e6 2. d4 d5 3. e5 c5 4. c3 Nc6 5. Nf3 Bd7 6. Be2 Qb6 7. O-O cxd4 8. cxd4
f6 9. exf6 Nxf6 10. b3 Bd6 11. Ba3 Qc7 12. Bxd6 Qxd6 13. Nc3 O-O 14. Bb5 Ng4
15. g3 Rf6 16. Nh4 Nh6 17. Qd2 Re8 18. Rad1 Ne7 19. Bd3 e5 20. dxe5 Qxe5 21.
Rfe1 Qh5 22. Rxe7 Rxe7 23. Nxd5 Ref7 24. Nxf6+ Rxf6 25. Bc4+ 1-0

[Event "7. Griesheimer Schachtage 2011"]
[Site "?"]
[Date "2011.??.??"]
[Round "2.11"]
[White "Hoeck, Raimund"]
[Black "Enders, Philipp"]
[Result "1-0"]
[WhiteElo "2024"]
[BlackElo "1794"]
[PlyCount "85"]

1. d4 Nf6 2. c4 c5 3. d5 b5 4. cxb5 a6 5. b6 Qxb6 6. Nc3 g6 7. Nf3 Bg7 8. e4 d6
9. Be2 O-O 10. O-O Nbd7 11. h3 Qa7 12. Nd2 Nb6 13. a4 Ne8 14. a5 Nd7 15. Nc4
Nc7 16. Na4 Rb8 17. Ncb6 Na8 18. Nc4 Ne5 19. Ncb6 Nd7 20. Nc4 Nc7 21. Ncb6 Nb5
22. Rb1 Nxb6 23. Nxb6 Bd7 24. Be3 Rfd8 25. Bc4 Be8 26. Qd3 Rb7 27. Rfc1 Nc7 28.
b4 cxb4 29. Rxb4 Bb5 30. Nc8 Qa8 31. Nxe7+ Kf8 32. Bxb5 Nxb5 33. Nc6 Re8 34.
Rbc4 Qc8 35. Nd4 Qd8 36. Nc6 Qc8 37. Bg5 Qd7 38. Be3 Qc8 39. Bd2 Qd7 40. Nb4
Ra7 41. Be3 Raa8 42. Rc6 Qd8 43. Nxa6 1-0